[Event "Yalta Yialos Blitz"]
[Site "Yalta"]
[Date "2022.08.31"]
[Round "1"]
[White "Kryakvin, Dmitry"]
[Black "Krivoshapov, Ivan"]
[Result "1-0"]
[WhiteElo "2505"]
[BlackElo "1053"]
[PlyCount "149"]
[EventDate "2022.08.31"]
[EventType "swiss (blitz)"]
[EventRounds "13"]
[EventCountry "UKR"]
[SourceTitle "CBM 210 Extra"]
[Source "ChessBase"]
[SourceDate "2022.11.30"]
[SourceVersion "1"]
[SourceVersionDate "2022.11.30"]
[SourceQuality "1"]

1. d4 Nf6 2. c4 g6 3. Nc3 Bg7 4. e4 0-0 5. Be2 d6 6. Bg5 b6 7. Nf3 Bb7 8. Qc2 Nbd7 9. 0-0 c5 10. d5 a6 11. a4 Qc7 12. h3 Rfe8 13. Rad1 Rab8 14. Bf4 Ba8 15. Bh2 Bb7 16. Rfe1 Bc8 17. Bf1 Rb7 18. e5 dxe5 19. Nxe5 Nxe5 20. Bxe5 Qd8 21. g3 Bf5 22. Qc1 Nd7 23. Bxg7 Kxg7 24. Bg2 Rb8 25. g4 Bxg4 26. hxg4 Nf6 27. Qf4 Qd6 28. Qxd6 exd6 29. Bf3 Rxe1+ 30. Rxe1 Re8 31. Rxe8 Nxe8 32. g5 f6 33. gxf6+ Kxf6 34. Bg4 Ke5 35. Ne2 Nf6 36. Bc8 a5 37. Kf1 Ke4 38. Ba6 Kf3 39. Ng1+ Ke4 40. Ke2 h6 41. Nf3 g5 42. Bb5 g4 43. Nh4 h5 44. f3+ Kf4 45. fxg4 Kxg4 46. Ng2 h4 47. Ne3+ Kf4 48. Ng2+ Kg3 49. Ne3 h3 50. Ba6 h2 51. Nf1+ Kg2 52. Nxh2 Kxh2 53. Kf3 Kg1 54. Kf4 Kf2 55. Kf5 Ne8 56. Bb5 Nc7 57. Kf6 Ke3 58. Ke7 Kd4 59. Kxd6 Nxb5+ 60. cxb5 c4 61. Ke6 Kd3 62. d6 Kc2 63. d7 Kxb2 64. d8Q c3 65. Qxb6 c2 66. Qd4+ Kb1 67. Qd3 Kb2 68. Qd2 Kb1 69. b6 c1Q 70. Qxc1+ Kxc1 71. b7 Kb2 72. b8Q+ Ka3 73. Kd5 Kxa4 74. Kc4 Ka3 75. Qb3# 1-0